1991 Super Horoscope / (Record no. 565214)

000 -LEADER
fixed length control field 00350nam a2200133Ia 4500
008 - FIXED-LENGTH DATA ELEMENTS--GENERAL INFORMATION
fixed length control field 210430s9999 xx 000 0 und d
020 ## - INTERNATIONAL STANDARD BOOK NUMBER
International Standard Book Number 0-09-9780830-2
082 ## - DEWEY DECIMAL CLASSIFICATION NUMBER
Classification number 133.54042 S9591A
100 ## - MAIN ENTRY--PERSONAL NAME
Personal name Arrow Books Limited
9 (RLIN) 128940
245 ## - TITLE STATEMENT
Title 1991 Super Horoscope /
260 ## - PUBLICATION, DISTRIBUTION, ETC.
Place of publication, distribution, etc. London
Name of publisher, distributor, etc. Arrow Book Limited
Date of publication, distribution, etc. 1990
300 ## - PHYSICAL DESCRIPTION
Extent 252
942 ## - ADDED ENTRY ELEMENTS (KOHA)
Koha item type Book
Source of classification or shelving scheme
Holdings
Withdrawn status Lost status Damaged status Not for loan Collection code Permanent Location Current Location Shelving location Date acquired Total Checkouts Full call number Barcode Date last seen Price effective from Koha item type
          School of Chemical & Materials Engineering (SCME) School of Chemical & Materials Engineering (SCME) General Stacks 09/15/4   133.54042 S9591A SCME-4503 04/30/2021 04/30/2021 Book
© 2023 Central Library, National University of Sciences and Technology. All Rights Reserved.